000 00741nam a2200205Ii 4500
003 JO-AjNU
008 230605s9999||||xx |||||||||||||| ||und||
040 _aJO-AjNU
_bara
_erda
_cJO-AjNU
041 _aara
050 1 4 _aHM 263 .A45 1983
100 3 _a ظاهر، أحمد جمال ,
_eauthor
_918068
245 0 0 _aالعلاقات العامة: نظرية وتطبيق
250 _aط2
264 3 1 _aاربد: مؤسسة ابن النديم الثقافية للنشر والتوزيع، 1983
300 _a149ص
_bيحتوي على ببلوغرافية من 146-149ص
336 _atext
_btxt
_2rdacontent
337 _aunmediated
_bn
_2rdamedia
338 _avolume
_bnc
_2rdacarrier
650 4 _aالعلاقات العامة
_918069
999 _aA5709
_c9277
_d9277